'A' Sorting Gallery Quiz Stats

 Plays Quiz Updated Feb 1, 2019

     
Support Sporcle.
Go Orange.
Score 0/55 Timer 04:00
243 Plays Today
% Correct
Afghanistan
96.9%
Albania
94.3%
Algeria
93.8%
Australia
93.5%
Austria
93.4%
Argentina
93.3%
Armenia
88.1%
Azerbaijan
87.9%
Amsterdam
87.9%
Angola
87.3%
Aluminum
86.3%
Andorra
84%
Alabama
83.1%
Alaska
83.1%
Actinium
81.9%
Arizona
81.9%
Arkansas
81.5%
Americium
80.8%
April
80.4%
August
79.9%
Arsenic
79.5%
Aquarius
76.1%
Alpha
74.2%
Argon
73.6%
Aphrodite
72.3%
Aries
71.9%
Athena
71.3%
Andromeda
69.1%
% Correct
Apollo
68.5%
Accra
68.1%
Artemis
67.7%
Arsenal
67.4%
Abuja
64.9%
AsunciĆ³n
63.2%
Astatine
62.6%
Ashgabat
62.5%
Ares
60.9%
Amman
60.1%
Aerodactyl
57.1%
Alakazam
56.7%
Asmara
53.8%
Antananarivo
51.5%
Antimony
51.1%
Arbok
50.9%
Ajax
50.2%
Anderlecht
48.2%
Abra
47.6%
Aquila
40.6%
Arcanine
40.3%
Articuno
40%
Apia
39.5%
Antlia
33.2%
Auriga
33.1%
Apus
31.5%
Ara
26.5%

From the Vault

Drew Brees' Playoff Opponents

by ssorcd

Sports 2m
Playing football is probably a Brees for him.
Remove Ads.
Support Sporcle.
Get the best of Sporcle when you Go Orange. This ad-free experience offers more features, more stats, and more fun while also helping to support Sporcle. Thank you for becoming a member.

Show Comments

Extras

Top Quizzes Today


Score Distribution

Your Account Isn't Verified!

In order to create a playlist on Sporcle, you need to verify the email address you used during registration. Go to your Sporcle Settings to finish the process.

Report this User

Report this user for behavior that violates our Community Guidelines.

Details: